LEADER 00978nam a2200205 i 4500 001 000000118605 003 CaOOAMICUS 005 20031003000000.0 008 031003s1944 it u000 u ita u 013 $a91298 040 $aSeMil$bita 245 13$aLa preparazione :$b1841-1872 /$ccon prefazione di S. Ecc. Rev.ma Mons. Anastasio Rossi Patriarca di Costantinopoli e Prelato Ordinario di Pompei. 300 $aXV, 309 p., 1 c. di ritratto. 500 $aContiene : Indice delle fonti. 700 1 $aRossi, Anastasio .$0(OLS)http://semarc/name/49501 773 0 $aSpreafico, Eufrasio Maria$tServo di Dio Bartolo Longo.$dPompei : Scuola tipografica pontificia per i figli dei carcerati, 1944-1947.$gVolume1$w()10080 850 $aSeMil 852 $aSeMil$W1$xVenegono$y1$m3H IV 109$j73899$B73899$CSeMilBibl$Z2$F76493 $81 961 $aRecupero: Biblioteca Seminario Saronno 996 $6245$aLa preparazione :$b1841-1872$9(OLS)http://semarc/title/174250 LEADER 01955nam a2200289 i 4500 001 000000030321 003 CaOOAMICUS 005 20220831125337.0 008 180830s1747 it u000 u lat u 040 $aSeMil$bita 130 0 $aBibbia.$0(OLS)http://semarc/title/402691 245 10$aSacra Biblia variarum translationum juxta exemplar Antuerpiae impressum anno 1616. Complectens praeter Vulgatam, Sanctis Pagnini ex Hebraeo, Septuaginta interpretum, & Chaldaicae paraphrasis versiones; ... alteram ex Hebraeo Francisci Vatabli translationem. Tomus 1. [-4.]. 260 $aVenetiis :$bTypis Nicolai Pezzana,$c1747. 300 $a4 v. ;$cfol. 500 $aFront. e testo in cornice a doppio filetto 500 $aVignetta calcogr. sui front. 500 $aTesto su due colonne in modo che ad ogni pagina aperta le quattro colonne complessive riportino in parallelo il testo delle quattro versioni latine prese in esame 700 1 $aVatable, François .$0(OLS)http://semarc/name/13917 700 1 $aPagnini, Sante,$c.$0(OLS)http://semarc/name/90219 700 1 $aPezzana, Nicolò,$c.$0(OLS)http://semarc/name/2800 774 0 $tTomus 1.$g1$w()231896 774 0 $tTomus 2.$g2$w()231899 774 0 $tTomus 3.$g3$w()231900 774 0 $tNovum Jesu Christi Testamentum complectens praeter vulgatam, Guidonis Fabricii e Syriaco, & Benedicti Ariae Montani translationes, insuper Desiderii Erasmi Roterodami auctoris damnati versionem permissam.$g4$w()231898 996 $6245$aSacra Biblia variarum translationum juxta exemplar Antuerpiae impressum anno 1616. Complectens praeter Vulgatam, Sanctis Pagnini ex Hebraeo, Septuaginta interpretum, & Chaldaicae paraphrasis versiones; ... alteram ex Hebraeo Francisci Vatabli translationem. Tomus 1. [-4.]$9(OLS)http://semarc/title/41261 996 $6260$aVenetiis :$bTypis Nicolai Pezzana$9(OLS)http://semarc/publisher/38481